Csütörtökön négy centimétert áradt a Tisza Szegednél a folyammérnökség még 8-10 centiméteres áradásra számít
Elmentve itt :
| Dokumentumtípus: | Cikk |
|---|---|
| Megjelent: |
1932-04-15
|
| Sorozat: | Délmagyarország
8 No. 86 |
| Kulcsszavak: | Árvíz Szeged |
| Online Access: | http://dmarchiv.bibl.u-szeged.hu/60059 |
| LEADER | 00497nab a2200145 i 4500 | ||
|---|---|---|---|
| 001 | delm60059 | ||
| 005 | 20180927144556.0 | ||
| 008 | 180927s1932 hu o 0|| hun d | ||
| 040 | |a SZTE Délmagyarország Archívum |b hun | ||
| 041 | |a hun | ||
| 245 | 0 | 0 | |a Csütörtökön négy centimétert áradt a Tisza Szegednél |h [elektronikus dokumentum] : |b a folyammérnökség még 8-10 centiméteres áradásra számít |
| 260 | |c 1932-04-15 | ||
| 300 | |a 3 | ||
| 490 | 0 | |a Délmagyarország |v 8 No. 86 | |
| 695 | |a Árvíz Szeged | ||